000 00411nam a2200181Ia 4500
001 1786
005 20260306143754.0
008 260306t2013||||xx |||||||||||||| ||spa||
041 _aESP
082 _a155.4
_bM97
100 _aMurkoff, Heidi
_eAUT
245 0 _aEl primer año del bebé
260 _c2013
300 _axxviii, 1005
_c23 cm.
650 _aGEN
654 _aCPS
942 _cLIB
_dJUS
_fJUS
_2ddc
_n
999 _c1786
_d1786